[Event "Stein am Rhein op"]
[Site "Stein am Rhein"]
[Date "2024.11.16"]
[Round "3"]
[White "Mikavica, Mirko"]
[Black "Wunderlin, Thomas"]
[Result "1-0"]
[WhiteElo "2029"]
[BlackElo "1865"]
[PlyCount "41"]
[EventDate "2024.11.15"]
[EventType "swiss"]
[EventRounds "5"]
[EventCountry "SUI"]
[SourceTitle "CB49_2024"]
[SourceDate "2024.12.04"]
[SourceVersion "1"]
[SourceVersionDate "2024.12.04"]
[SourceQuality "1"]

1. Nf3 c5 2. c4 g6 3. Nc3 Bg7 4. g3 Nc6 5. Bg2 e6 6. d3 d5 7. Bg5 Bf6 8. h4 dxc4 9. dxc4 Bxc3+ 10. bxc3 Qxd1+ 11. Rxd1 Bd7 12. h5 h6 13. hxg6 f6 14. Be3 b6 15. g4 Rc8 16. g5 fxg5 17. Nxg5 Nge7 18. Nf7 Rf8 19. Nd6+ Kd8 20. Nxc8 Kxc8 21. Rxh6 1-0

[Event "Zuerich op-B 38th"]
[Site "Zuerich"]
[Date "2014.12.26"]
[Round "1"]
[White "Wunderlin, Thomas"]
[Black "Marty, Fridolin"]
[Result "0-1"]
[WhiteElo "1790"]
[BlackElo "2007"]
[PlyCount "40"]
[EventDate "2014.12.26"]
[EventType "swiss"]
[EventRounds "7"]
[EventCountry "SUI"]
[SourceTitle "CBM 164 Extra"]
[Source "ChessBase"]
[SourceDate "2015.03.02"]
[SourceVersion "1"]
[SourceVersionDate "2015.03.02"]
[SourceQuality "1"]

1. d4 Nf6 2. e3 Nc6 3. c3 e5 4. dxe5 Nxe5 5. f4 Ng6 6. Nf3 Bc5 7. Bd3 d6 8. h3 Qe7 9. Qe2 Nh5 10. Rh2 Ng3 11. Qf2 Nxf4 12. Kd2 Nxd3 13. Kxd3 Bf5+ 14. Kc4 Qe6+ 15. Kb5 Bd3+ 16. Ka4 b5+ 17. Ka5 Bb6+ 18. Kb4 a5+ 19. Ka3 b4+ 20. Ka4 Ne4 0-1